| 000 | 01156 a2200337 4500 | ||
|---|---|---|---|
| 999 |
_c200129799 _d31237 |
||
| 001 | 200129799 | ||
| 003 | TR-AnTOB | ||
| 005 | 20190408220612.0 | ||
| 008 | 130612b tu 000 0 | ||
| 040 |
_aTR-AnTOB _cTR-AnTOB |
||
| 041 | _atur | ||
| 049 | _atur | ||
| 050 |
_aHE268.25 _b.U4 2009 |
||
| 090 | _aHE268.25 .U4 2009 | ||
| 111 | 2 |
_aUlaştırma Şurası _n(10th : _d2010 : _cAnkara, Turkey) _991543 |
|
| 245 | 1 | 0 |
_aHedef 2023 10.Ulaştırma Şurası : _bKonsolide şura raporu, 27Eylül-01 Ekim ,2009 İstanbul / _chazırlayan Metin Yerebakan. |
| 246 | 3 | _aUlaştırma Şurası | |
| 246 | 3 | _aOnuncu Ulaştırma Şurası. | |
| 264 | 1 |
_aİstanbul : _bT.C.Ulaştırma Bakanlığı, _c2009. |
|
| 300 |
_a1091 p. ; _c31 cm.+ _e1 CD- |
||
| 336 |
_2rdacontent _atext _btxt |
||
| 337 |
_2rdamedia _aunmediated _bn |
||
| 338 |
_2rdacarrier _avolume _bnc |
||
| 500 | _asuppl title :Şura özeti 337 p. , 30 cm., 1 CD. | ||
| 650 | 0 |
_aTransportation _zTurkey _937326 |
|
| 650 | 7 |
_aUlaştırma ve devlet _zTürkiye _vKongreler _2etuturkob _990745 |
|
| 700 | 1 |
_aYerebakan, Metin, _d1949- _990743 |
|
| 740 | 0 | 2 | _aŞura özeti |
| 942 |
_cBK _2lcc |
||